00467pab a2200157 454500008004000000100002300040245006300063260000900126300001500135362001200150650004700162650003000209700001600239700002000255773003400275180718b2017 xxu||||| |||| 00| 0 eng d aRajan, Rony Thomas aThe Kerala model of maternal health care: time for review? c2017 ap.325-343. aJul-Sep aMaternal and child health - India - Kerala aMaternal and child health aNeethu N.C. aSasi, Reshmi K. aSocial Science in Perspective